A nők és a reklám
Elmentve itt :
| Szerző: | |
|---|---|
| Adatforrás: | Meister |
| Forrásdokumentuma: | A Hét. - 42 sz., 1992, 10 p. |
| Nyelv: | magyar |
| Kulcsszavak: | szociológia reklám nők |
| LEADER | 00347nab a2200145 i 4500 | ||
|---|---|---|---|
| 001 | bibPRO00005377 | ||
| 008 | 060524s1992 xx hun | ||
| 040 | |a Sz1 | ||
| 041 | |a hun | ||
| 100 | 1 | |a BRUNNER Anna | |
| 245 | 1 | 2 | |a A nők és a reklám |c BRUNNER Anna |
| 695 | |a szociológia | ||
| 695 | |a reklám | ||
| 695 | |a nők | ||
| 773 | 0 | |t A Hét. - |g 42 sz., 1992, 10 p. | |